Colección de documentos para la historia de México (Record no. 2655)

MARC details
000 -CABECERA
campo de control de longitud fija 00655nam a2200205 a 4500
001 - NÚMERO DE CONTROL
campo de control BRCA_2916
005 - FECHA Y HORA DE LA ÚLTIMA TRANSACCIÓN
campo de control 20190320204028.0
008 - DATOS DE LONGITUD FIJA--INFORMACIÓN GENERAL
campo de control de longitud fija 121208s1866----mx-a---###---#000-0#spa-#
050 #4 - SIGNATURA TOPOGRÁFICA DE LA BIBLIOTECA DEL CONGRESO
Número de clasificación F1231
Número de documento/Ítem .C65 1866
245 10 - MENCIÓN DE TÍTULO
Título Colección de documentos para la historia de México
Mención de responsabilidad, etc. publicados por Joaquín García Icazbalceta.
260 ## - PUBLICACIÓN, DISTRIBUCIÓN, ETC.
Lugar de publicación, distribución, etc. México
Nombre del editor, distribuidor, etc. J. M. Andrade
Fecha de publicación, distribución, etc. 1866
300 ## - DESCRIPCIÓN FÍSICA
Extensión 2 v.
Dimensiones 28 cm.
500 ## - NOTA GENERAL
Nota general B42
650 14 - PUNTO DE ACCESO ADICIONAL DE MATERIA--TÉRMINO DE MATERIA
Término de materia o nombre geográfico como elemento de entrada México
Subdivisión general Historia
9 (RLIN) 564
700 1# - PUNTO DE ACCESO ADICIONAL--NOMBRE DE PERSONA
Nombre de persona García Icazbalceta, Joaquín
Fechas asociadas al nombre 1825-1894
Término indicativo de función/relación ed
9 (RLIN) 8120
700 1# - PUNTO DE ACCESO ADICIONAL--NOMBRE DE PERSONA
Nombre de persona Ramirez, Jose Fernando
Fechas asociadas al nombre 1804-1871
9 (RLIN) 8070
700 1# - PUNTO DE ACCESO ADICIONAL--NOMBRE DE PERSONA
Nombre de persona Motolina, Fray Toribio
Fechas asociadas al nombre 1568
9 (RLIN) 8121
902 ## - CATALOGADOR
Iniciales GFM
942 ## - ELEMENTOS DE PUNTO DE ACCESO ADICIONAL (KOHA)
Fuente del sistema de clasificación o colocación Library of Congress Classification
Tipo de ítem Koha Libros
Holdings
Estado de retiro Estado de pérdida Estado dañado No para préstamo Localización permanente Ubicación/localización actual Fecha de adquisición Número de inventario Total de préstamos Signatura topográfica completa Código de barras Fecha visto por última vez Precio válido a partir de Tipo de ítem Koha
El ejemplar forma parte de la colección y puede ser consultado según las políticas vigentes.       Biblioteca del Museo Franz Mayer (Rogerio Casas-Alatriste) Biblioteca del Museo Franz Mayer (Rogerio Casas-Alatriste) 12/12/2008 B42   F1231 .C65 1866 (B42) 2913 22/03/2019 22/03/2019 Libros